00422pab a2200145 454500008004000000100002000040245006000060260000900120300001300129362001100142650003900153650002800192700002200220773003400242180718b2008 xxu||||| |||| 00| 0 eng d aMalghan, Deepak aMaterial and moral foundations of India's Africa policy c2008 ap.21-24. a10 May aIndia - Foreign relations - Africa aInternational relations aSwaminathan, Hema aEconomic and Political Weekly